Pays belligérants de la cinquième coalition - Statistiques

Statistiques générales
  • Ce quiz a été pris 18 fois
  • Le résultat moyen est 5 sur 12
Statistiques - réponses
Pays % Correct
Alliés Empire français
94%
Alliés Royaume d'Italie
89%
Coalition Royaume-Uni
89%
Alliés Duché de Varsovie
61%
Alliés Confédération du Rhin
50%
Alliés Royaume de Naples
44%
Coalition Royaume de Sicile
33%
Alliés Royaume de Hollande
22%
Coalition Royaume de Sardaigne
22%
Coalition Monarchie de Habsbourg
11%
Alliés République des Sept-Îles
11%
Coalition Tyrol
11%
Aucun quiz correspondant
Distribution des résultats
% des personnes avec chaque résultat
Percentile par nombre de réponses
Votre historique - résultats
Vous n’avez pas pris ce quiz